000 00355nam a2200133Ia 4500
008 240624s9999 xx 000 0 und d
041 _aeng
082 _a512.7 WEL
100 _aWELLS DAVID
245 _aPRIME NUMBERS THE MOST MYSTERIOUS FIGURE
260 _c2005
_aNew Jersey
_bJohn Wiley and Sons
300 _ax, : 272 : p. : cm. ; 24
365 _c
_b30
999 _c12789
_d12789